Najpopularniejsi raperzy w tym tygodniu . - Statystyki

Ogólne statystyki
  • Ten quiz został rozwiązany 315 razy
  • Średni wynik to 8 z 15
Statystyki odpowiedzi
Wyświetlenia Artysta % Poprawnych
3.01 mln Mata
89%
4.10 mln Bedoes
84%
2.86 mln White 2115
73%
3.62 mln Żabson
67%
4.06 mln Kizo
63%
3.20 mln Białas
62%
2.83 mln Quebonafide
57%
2.73 mln ReTo
48%
3.72 mln Taco Hemingway
48%
4.62 mln Sobel
44%
6.59 mln Szpaku
44%
4.05 mln Paluch
37%
4.19 mln Tymek
37%
4.44 mln Guzior
31%
5.67 mln Kabe
21%
Nie znaleziono quizów pasujących do podanych kryteriów
Rozkład punktacji
Procent ludzi z każdym wynikiem
Percentyl według liczby udzielonych odpowiedzi
Twoja historia wyników
Nie rozwiązałeś tego quizu